Normal view
MARC view
Entry Personal Name
001 - CONTROL NUMBER
- control field: 1446
003 - CONTROL NUMBER IDENTIFIER
- control field: csc
005 - DATE AND TIME OF LATEST TRANSACTION
- control field: 20140507162056.0
008 - FIXED-LENGTH DATA ELEMENTS
- fixed length control field: 130603|| aca||aabn | a|a d
040 ## - CATALOGING SOURCE
- Original cataloging agency: csc
- Transcribing agency: csc
100 ## - HEADING--PERSONAL NAME
- Personal name: Marcus, Gary F.
- Fuller form of name: (Gary Fred)
670 ## - SOURCE DATA FOUND
- Source citation: Work cat.: (csc)323: Marcus, Gary F. (Gary Fred), Kluge :, 2009, c2008.